<?xml version="1.0" encoding="UTF-8"?>
<record
    xmlns:xsi="http://www.w3.org/2001/XMLSchema-instance"
    xsi:schemaLocation="http://www.loc.gov/MARC21/slim http://www.loc.gov/standards/marcxml/schema/MARC21slim.xsd"
    xmlns="http://www.loc.gov/MARC21/slim">

  <leader>00420    a2200133   4500</leader>
  <controlfield tag="005">20250820070310.0</controlfield>
  <datafield tag="082" ind1=" " ind2=" ">
    <subfield code="a">657 NBA</subfield>
  </datafield>
  <datafield tag="100" ind1=" " ind2=" ">
    <subfield code="a">NBAA</subfield>
  </datafield>
  <datafield tag="245" ind1=" " ind2=" ">
    <subfield code="a">Corporate reporting, C2 - Auditing and assuarance, C3 - Business and corporate finance, C4 - Public finance and taxaTion II: Final stage Q&amp;A </subfield>
  </datafield>
  <datafield tag="260" ind1=" " ind2=" ">
    <subfield code="a">Dar es Salaam</subfield>
    <subfield code="b">NBAA</subfield>
    <subfield code="c">Nov, 2015</subfield>
  </datafield>
  <datafield tag="300" ind1=" " ind2=" ">
    <subfield code="a">108p.: ill. ; Table</subfield>
    <subfield code="c">20cm</subfield>
  </datafield>
  <datafield tag="610" ind1=" " ind2=" ">
    <subfield code="t">NBAA</subfield>
  </datafield>
  <datafield tag="942" ind1=" " ind2=" ">
    <subfield code="2">ddc</subfield>
    <subfield code="c">BKS</subfield>
  </datafield>
  <datafield tag="999" ind1=" " ind2=" ">
    <subfield code="c">6778</subfield>
    <subfield code="d">6778</subfield>
  </datafield>
  <datafield tag="952" ind1=" " ind2=" ">
    <subfield code="r">2025-08-19 09:38:12</subfield>
    <subfield code="l">0</subfield>
    <subfield code="o">657 NBA</subfield>
    <subfield code="p">MZA0003587</subfield>
    <subfield code="v">30000.00</subfield>
    <subfield code="w">2025-08-19</subfield>
    <subfield code="y">BKS</subfield>
    <subfield code="1">0</subfield>
    <subfield code="2">ddc</subfield>
    <subfield code="4">0</subfield>
    <subfield code="7">0</subfield>
    <subfield code="0">0</subfield>
    <subfield code="a">003</subfield>
    <subfield code="b">003</subfield>
    <subfield code="c">GEN</subfield>
    <subfield code="d">2025-06-30</subfield>
    <subfield code="e">Donation</subfield>
    <subfield code="g">10000.00</subfield>
  </datafield>
  <datafield tag="952" ind1=" " ind2=" ">
    <subfield code="r">2025-08-19 09:38:12</subfield>
    <subfield code="l">0</subfield>
    <subfield code="o">657 NBA</subfield>
    <subfield code="p">MZA0003588</subfield>
    <subfield code="v">30000.00</subfield>
    <subfield code="w">2025-08-19</subfield>
    <subfield code="y">BKS</subfield>
    <subfield code="1">0</subfield>
    <subfield code="2">ddc</subfield>
    <subfield code="4">0</subfield>
    <subfield code="7">0</subfield>
    <subfield code="0">0</subfield>
    <subfield code="a">003</subfield>
    <subfield code="b">003</subfield>
    <subfield code="c">GEN</subfield>
    <subfield code="d">2025-06-30</subfield>
    <subfield code="e">Donation</subfield>
    <subfield code="g">10000.00</subfield>
  </datafield>
  <datafield tag="952" ind1=" " ind2=" ">
    <subfield code="r">2025-08-19 09:38:12</subfield>
    <subfield code="l">0</subfield>
    <subfield code="o">657 NBA</subfield>
    <subfield code="p">MZA0003589</subfield>
    <subfield code="v">30000.00</subfield>
    <subfield code="w">2025-08-19</subfield>
    <subfield code="y">BKS</subfield>
    <subfield code="1">0</subfield>
    <subfield code="2">ddc</subfield>
    <subfield code="4">0</subfield>
    <subfield code="7">0</subfield>
    <subfield code="0">0</subfield>
    <subfield code="a">003</subfield>
    <subfield code="b">003</subfield>
    <subfield code="c">GEN</subfield>
    <subfield code="d">2025-06-30</subfield>
    <subfield code="e">Donation</subfield>
    <subfield code="g">10000.00</subfield>
  </datafield>
  <datafield tag="952" ind1=" " ind2=" ">
    <subfield code="r">2025-08-19 09:38:12</subfield>
    <subfield code="l">0</subfield>
    <subfield code="o">657 NBA</subfield>
    <subfield code="p">MZA0003590</subfield>
    <subfield code="v">30000.00</subfield>
    <subfield code="w">2025-08-19</subfield>
    <subfield code="y">BKS</subfield>
    <subfield code="1">0</subfield>
    <subfield code="2">ddc</subfield>
    <subfield code="4">0</subfield>
    <subfield code="7">0</subfield>
    <subfield code="0">0</subfield>
    <subfield code="a">003</subfield>
    <subfield code="b">003</subfield>
    <subfield code="c">GEN</subfield>
    <subfield code="d">2025-06-30</subfield>
    <subfield code="e">Donation</subfield>
    <subfield code="g">10000.00</subfield>
  </datafield>
  <datafield tag="952" ind1=" " ind2=" ">
    <subfield code="r">2025-08-19 09:38:12</subfield>
    <subfield code="l">0</subfield>
    <subfield code="o">657 NBA</subfield>
    <subfield code="p">MZA0003591</subfield>
    <subfield code="v">30000.00</subfield>
    <subfield code="w">2025-08-19</subfield>
    <subfield code="y">BKS</subfield>
    <subfield code="1">0</subfield>
    <subfield code="2">ddc</subfield>
    <subfield code="4">0</subfield>
    <subfield code="7">0</subfield>
    <subfield code="0">0</subfield>
    <subfield code="a">003</subfield>
    <subfield code="b">003</subfield>
    <subfield code="c">GEN</subfield>
    <subfield code="d">2025-06-30</subfield>
    <subfield code="e">Donation</subfield>
    <subfield code="g">10000.00</subfield>
  </datafield>
  <datafield tag="952" ind1=" " ind2=" ">
    <subfield code="r">2025-08-19 09:38:12</subfield>
    <subfield code="l">0</subfield>
    <subfield code="o">657 NBA</subfield>
    <subfield code="p">MZA0003592</subfield>
    <subfield code="v">30000.00</subfield>
    <subfield code="w">2025-08-19</subfield>
    <subfield code="y">BKS</subfield>
    <subfield code="1">0</subfield>
    <subfield code="2">ddc</subfield>
    <subfield code="4">0</subfield>
    <subfield code="7">0</subfield>
    <subfield code="0">0</subfield>
    <subfield code="a">003</subfield>
    <subfield code="b">003</subfield>
    <subfield code="c">GEN</subfield>
    <subfield code="d">2025-06-30</subfield>
    <subfield code="e">Donation</subfield>
    <subfield code="g">10000.00</subfield>
  </datafield>
  <datafield tag="952" ind1=" " ind2=" ">
    <subfield code="r">2025-08-19 09:38:12</subfield>
    <subfield code="l">0</subfield>
    <subfield code="o">657 NBA</subfield>
    <subfield code="p">MZA0003593</subfield>
    <subfield code="v">30000.00</subfield>
    <subfield code="w">2025-08-19</subfield>
    <subfield code="y">BKS</subfield>
    <subfield code="1">0</subfield>
    <subfield code="2">ddc</subfield>
    <subfield code="4">0</subfield>
    <subfield code="7">0</subfield>
    <subfield code="0">0</subfield>
    <subfield code="a">003</subfield>
    <subfield code="b">003</subfield>
    <subfield code="c">GEN</subfield>
    <subfield code="d">2025-06-30</subfield>
    <subfield code="e">Donation</subfield>
    <subfield code="g">10000.00</subfield>
  </datafield>
</record>
